Introduction to data compression /

Each edition of Introduction to Data Compression has widely been considered the best introduction and reference text on the art and science of data compression, and the third edition continues in this tradition. Data compression techniques and technology are ever-evolving with new applications in im...

Full description

Bibliographic Details
Main Author: Sayood, Khalid
Format: eBook
Language:English
Published: Amsterdam ; Boston : Elsevier, [2006]
Edition:3rd ed.
Series:Morgan Kaufmann series in multimedia information and systems.
Subjects:
Online Access:Connect to the full text of this electronic book
Publisher description
Table of contents only

MARC

Tag First Indicator Second Indicator Subfields
LEADER 00000cam a2200000Ia 4500
001 in00002425473
005 20190327171551.0
006 m d
007 cr cn|||||||||
008 070806s2006 ne a sb 001 0 eng d
020 |a 9780126208627 
020 |a 012620862X 
035 |a (OCoLC)ocn162576742 
035 |a (OCoLC)162576742 
037 |a 105786:105816  |b Elsevier Science & Technology  |n http://www.sciencedirect.com 
040 |a OPELS  |c OPELS  |d UtOrBLW 
049 |a TEFA 
050 1 4 |a TK5102.92  |b .S39 2006eb 
082 0 4 |a 005.74/6  |2 22 
100 1 |a Sayood, Khalid. 
245 1 0 |a Introduction to data compression /  |c Khalid Sayood. 
250 |a 3rd ed. 
264 1 |a Amsterdam ;  |a Boston :  |b Elsevier,  |c [2006] 
264 4 |c ©2006 
300 |a xxii, 680 pages :  |b illustrations ;  |c 24 cm. 
336 |a text  |b txt  |2 rdacontent 
337 |a computer  |b c  |2 rdamedia 
338 |a online resource  |b cr  |2 rdacarrier 
490 1 |a Morgan Kaufmann series in multimedia information and systems 
533 |a Electronic reproduction.  |b Amsterdam :  |c Elsevier Science & Technology,  |d 2007.  |n Mode of access: World Wide Web.  |n System requirements: Web browser.  |n Title from title screen (viewed on Aug. 2, 2007).  |n Access may be restricted to users at subscribing institutions. 
520 |a Each edition of Introduction to Data Compression has widely been considered the best introduction and reference text on the art and science of data compression, and the third edition continues in this tradition. Data compression techniques and technology are ever-evolving with new applications in image, speech, text, audio, and video. The third edition includes all the cutting edge updates the reader will need during the work day and in class. Khalid Sayood provides an extensive introduction to the theory underlying todays compression techniques with detailed instruction for their applications using several examples to explain the concepts. Encompassing the entire field of data compression Introduction to Data Compression, includes lossless and lossy compression, Huffman coding, arithmetic coding, dictionary techniques, context based compression, scalar and vector quantization. Khalid Sayood provides a working knowledge of data compression, giving the reader the tools to develop a complete and concise compression package upon completion of his book. * New content added on the topic of audio compression including a description of the mp3 algorithm * New video coding standard and new facsimile standard explained * Completely explains established and emerging standards in depth including JPEG 2000, JPEG-LS, MPEG-2, Group 3 and 4 faxes, JBIG 2, ADPCM, LPC, CELP, and MELP * Source code provided via companion web site that gives readers the opportunity to build their own algorithms, choose and implement techniques in their own applications. 
505 0 |a CH 1: Introduction / CH 2: Lossless Compression / CH 3: Huffman Coding / CH 4: Arithmetic Coding / CH 5: Dictionary Techniques / CH 6: Context Based Compression / CH 7: Lossless Image Compression / CH 8: Lossy Coding / CH 9: Scalar Quantization / CH 10: Vector Quantization / CH 11: Differential Encoding / CH 12: Transforms, Subbands, and Wavelets / CH 13: Transform Coding / CH 14: Subband Coding / CH 15: Wavelet-Based Compression / CH 16: Audio Coding / CH 17: Analysis/Synthesis and Analysis by Synthesis Schemes / CH 18: Video Compression / APPENDIX A: Probability and Random Processes / APPENDIX B: A Brief Review of Matrix Concepts / APPENDIX C: The Root Lattices / Bibliography. 
504 |a Includes bibliographical references and index. 
500 |a Electronic resource. 
650 0 |a Data compression (Telecommunication) 
650 0 |a Coding theory. 
650 6 |a Données  |x Compression (Télécommunications) 
650 6 |a Transcodage. 
655 7 |a Electronic books.  |2 local 
730 0 |a Referex. 
776 1 |c Original  |z 012620862X  |z 9780126208627  |w (DLC) 2005052759  |w (OCoLC)61500081 
830 0 |a Morgan Kaufmann series in multimedia information and systems. 
856 4 0 |u http://proxy.library.tamu.edu/login?url=http://www.sciencedirect.com/science/book/9780126208627  |z Connect to the full text of this electronic book  |t 0 
856 4 2 |3 Publisher description  |u http://www.loc.gov/catdir/enhancements/fy0625/2005052759-d.html  |t 0 
856 4 2 |3 Table of contents only  |u http://www.loc.gov/catdir/enhancements/fy0625/2005052759-t.html  |t 0 
994 |a C0  |b TEF 
999 |a MARS 
999 f f |s 9e6c4e51-3fdc-3681-8037-e3b3456f4e21  |i 8d140aff-9beb-3093-8f53-4544233c49b4  |t 0 
952 f f |a Texas A&M University  |b College Station  |c Electronic Resources  |d Available Online  |t 0  |e TK5102.92 .S39 2006eb  |h Library of Congress classification 
998 f f |a TK5102.92 .S39 2006eb  |t 0  |l Available Online